Fr. Conceicao Rodrigues College of Engineering

Group coaching:Practical guide ot optimizing collective talent in any organization (Record no. 32801)

MARC details
000 -LEADER
fixed length control field 00395nam a2200157Ia 4500
082 ## - DEWEY DECIMAL CLASSIFICATION NUMBER
Classification number 658.3124
Item number GOR
100 ## - MAIN ENTRY--PERSONAL NAME
Personal name Gorell/Ro
245 ## - TITLE STATEMENT
Title Group coaching:Practical guide ot optimizing collective talent in any organization
260 ## - PUBLICATION, DISTRIBUTION, ETC.
Name of publisher, distributor, etc. Kogan Page
Date of publication, distribution, etc. 2013
366 ## - TRADE AVAILABILITY INFORMATION
Publishers's discount category 20
300 ## - PHYSICAL DESCRIPTION
Extent 209
546 ## - LANGUAGE NOTE
Language note ENGLISH
-- Info.Tech
650 ## - SUBJECT ADDED ENTRY--TOPICAL TERM
Topical term or geographic name entry element Optimizing
654 ## - SUBJECT ADDED ENTRY--FACETED TOPICAL TERMS
Focus term group coaching
942 ## - ADDED ENTRY ELEMENTS (KOHA)
Koha item type BOOK
Holdings
Withdrawn status Lost status Damaged status Not for loan Collection Home library Current library Date acquired Source of acquisition Cost, normal purchase price Inventory number Total Checkouts Full call number Barcode Date last seen Cost, replacement price Price effective from Koha item type
        CRC Fr. Agnel's C.Rodrigues College of Engineering Fr. Agnel's C.Rodrigues College of Engineering 17/03/2023 Book Service Syndicate 556.00 63 dt 09.06.2014   658.3124 GOR 23267 17/03/2023 695.00   BOOK